[Event "Victor Ciocaltea Mem"]
[Site "Bucharest ROM"]
[Date "2006.03.12"]
[Round "5"]
[White "Shishkin,Va UKR"]
[Black "Lemmers,O"]
[Result "0-1"]
[WhiteElo "2545"]
[BlackElo "2425"]

1.d4 d5 2.c4 c6 3.Nc3 Nf6 4.Nf3 a6 5.a4 e6 6.Bg5 Nbd7 7.e3 Qa5 8.Nd2 dxc4
9.Bxf6 Nxf6 10.Nxc4 Qc7 11.a5 Bd7 12.Nb6 Rd8 13.Bc4 Nd5 14.Nxd7 Rxd7 15.e4 Nf4
16.g3 Ng6 17.O-O Bc5 18.d5 cxd5 19.Bb3 O-O 20.exd5 Ne7 21.Rc1 Qd8 22.Ne4 Bb4
23.d6 Bxd6 24.Ba4 Nc6 25.Bxc6 bxc6 26.Qe2 Qxa5 27.Rxc6 Be7 28.Rxa6 Qb4 29.Nc3 Bf6
30.Ra4 Qb3 31.Ra3 Qb7 32.Ra5 Bxc3 33.bxc3 Qc7 34.Ra3 Rfd8 35.Qe4 Qc5 36.Qb4 Qc6
37.c4 Rb7 38.Qc3 h5 39.Ra2 h4 40.gxh4 Rbd7 41.Rc2 Rd3 42.Qe5 Rd1 43.Rc1 Rxf1+
44.Rxf1 Qxc4 45.Qg3 Rd3 46.f3 Kh7 47.Kh1 Rd5 48.Re1 Rh5 49.Rg1 g6 50.Qg4 Qd5
51.Kg2 Qd2+ 52.Kg3 Qe3 53.Rg2 Qe1+ 54.Rf2 Rd5 55.Kg2 Kg7 56.Qe4 Qc3 57.Qf4 Rf5
58.Qg4 Qf6 59.Kg3 e5 60.Kg2 Qc6 61.Re2 Rf4 62.Qg3 f6 63.Qf2 Kh6 64.Rc2 Qe6
65.Qc5 Rxh4 66.Qe3+ g5 67.Kg1 Rd4 68.Kg2 Qd5 69.Rf2 Kg6 70.Qc3 g4 71.Qc8 gxf3+
72.Rxf3 Rf4 73.Qe8+ Kg5 74.h4+ Rxh4 75.Qf8 Rg4+ 76.Kh2 Qd2+  0-1

[Event "XXII Open"]
[Site "Reykjavik ISL"]
[Date "2006.03.13"]
[Round "8"]
[White "Zaremba,An"]
[Black "Bjarnason,O"]
[Result "1-0"]
[WhiteElo "2316"]
[BlackElo "2255"]

1.d4 d5 2.Nf3 c6 3.c4 Nf6 4.Nc3 a6 5.a4 e6 6.Bg5 a5 7.e3 Na6 8.Bd3 Nb4 9.Bb1 dxc4
10.Ne5 b6 11.O-O Ba6 12.f4 Be7 13.f5 O-O 14.fxe6 fxe6 15.Bxf6 Bxf6 16.Bxh7+ Kxh7
17.Qh5+ Kg8 18.Ng6 Nc2 19.Ne4 Kf7 20.Ng5+ Ke8 21.Nxf8+  1-0

[Event "2nd Bundesliga Ost 2005-6"]
[Site "Austria AUT"]
[Date "2006.03.18"]
[Round "10"]
[White "Ivancsics,M"]
[Black "Timoscenko,G"]
[Result "0-1"]
[WhiteElo "2276"]
[BlackElo "2502"]

1.d4 d5 2.c4 c6 3.Nf3 Nf6 4.Nc3 a6 5.Qb3 e6 6.Bg5 Nbd7 7.e3 Be7 8.Bd3 dxc4
9.Bxc4 b5 10.Be2 c5 11.O-O Bb7 12.Rfd1 Qb6 13.a4 c4 14.Qc2 O-O 15.axb5 axb5
16.b3 cxb3 17.Qxb3 Rxa1 18.Rxa1 b4 19.Bxf6 gxf6 20.Na4 Qa7 21.Nd2 Ra8 22.Ra2 Bc6
23.Nc3 Qb7 24.Rxa8+ Qxa8 25.Na2 Bxg2 26.Nxb4 Bh3 27.f3 Qa5  0-1

[Event "TCh-HUN 2005-6"]
[Site "Hungary HUN"]
[Date "2006.03.19"]
[Round "9"]
[White "Prohaszka,P2"]
[Black "Farago,S"]
[Result "1-0"]
[WhiteElo "2344"]
[BlackElo "2282"]

1.d4 d5 2.c4 c6 3.Nf3 Nf6 4.Nc3 a6 5.c5 Bf5 6.Bf4 Nbd7 7.e3 b5 8.Be2 h6 9.h3 e6
10.O-O Be7 11.b4 a5 12.a4 axb4 13.axb5 bxc3 14.bxc6 O-O 15.cxd7 c2 16.Qd2 Rxa1
17.Rxa1 Ne4 18.Qb4 Qxd7 19.Ne1 Rc8 20.Rc1 f6 21.Bd3 e5 22.Bh2 Qe6 23.Bxc2 Bd8
24.Bb3 Nd6 25.dxe5 fxe5 26.Rd1 Nc4 27.Rxd5 Ba5 28.Qxc4 Bxe1 29.Rd1 Bxf2+
30.Kxf2 Qxc4 31.Bxc4+ Kh7 32.Rd5 Be6 33.Bd3+ Kg8 34.Rxe5 Kf7 35.Bf5 Bxf5
36.Rxf5+ Ke6 37.Re5+ Kf6 38.Rd5 Ke6 39.Rd6+ Ke7 40.c6  1-0

[Event "Pius Brinzeu Mem"]
[Site "Timisoara ROM"]
[Date "2006.03.19"]
[Round "2"]
[White "Manolache,M"]
[Black "Dragomirescu,An"]
[Result "1-0"]
[WhiteElo "2488"]
[BlackElo "2255"]

1.d4 d5 2.Nf3 c6 3.c4 Nf6 4.Nc3 a6 5.a4 dxc4 6.e3 e6 7.Bxc4 a5 8.O-O Be7
9.e4 O-O 10.Qe2 Na6 11.Bg5 h6 12.Bf4 Nb4 13.Rad1 b6 14.Rfe1 Bb7 15.Ne5 Qc8
16.h3 Rd8 17.Ng4 Ba6 18.b3 Ra7 19.Be5 Bxc4 20.bxc4 Nxg4 21.Qxg4 f6 22.Bf4 Nc2
23.Rf1 Nxd4 24.e5 f5 25.Qh5 Bb4 26.Ne2 Nxe2+ 27.Qxe2 Rad7 28.Rxd7 Qxd7 29.Be3 c5
30.Qf3 Bc3 31.Bxh6 gxh6 32.Qxc3 Qd3 33.Qb2 Rb8 34.Qc1 Rd8 35.Qxh6 Qd7 36.Rb1 Rb8
37.Kh2  1-0

[Event "Pius Brinzeu Mem"]
[Site "Timisoara ROM"]
[Date "2006.03.22"]
[Round "5"]
[White "Dragomirescu,An"]
[Black "Bodiroga,P"]
[Result "1/2-1/2"]
[WhiteElo "2255"]
[BlackElo "2423"]

1.d4 d5 2.c4 c6 3.Nf3 Nf6 4.Nc3 a6 5.e3 b5 6.c5 g6 7.Ne5 Bg7 8.Be2 O-O 9.O-O Be6
10.Qb3 Nfd7 11.Nd3 a5 12.f4 Na6 13.a4 Naxc5 14.dxc5 d4 15.Qc2 dxc3 16.bxc3 Bf5
17.Ba3 b4 18.cxb4 Bxa1 19.Rxa1 axb4 20.Bxb4 Qb8 21.Qc3 Nf6 22.Qc4 Be6 23.Qc2 Bd5
24.a5 Rd8 25.Ra3 Rd7 26.Bc3 Be4 27.Bd4 Qd8 28.a6 Rxd4 29.exd4 Qxd4+ 30.Kf1 Nd5
31.Qa4 Ne3+ 32.Kf2 Nc4+ 33.Kf1 Qd5 34.Rc3 Bxg2+ 35.Ke1 Ne3 36.Ne5 Nf5 37.a7 Qd4
38.Qxd4 Nxd4 39.Kf2 Rxa7 40.Kxg2 Ra2 41.Kf1 Rxe2 42.Nxc6 Re4 43.Nd8 Rxf4+
44.Kg2 Nb5 45.Rb3 Nc7 46.Rb7 Nd5 47.c6 Rc4 48.Rd7 Nb4 49.c7 Na6 50.Ne6 fxe6
51.Rd8+ Kf7 52.c8=Q Rxc8 53.Rxc8 Nb4 54.Kf3 Nd5 55.h4 h6 56.Rh8 Nf6 57.Ra8 e5
58.Ra6  1/2-1/2

[Event "Pius Brinzeu Mem"]
[Site "Timisoara ROM"]
[Date "2006.03.24"]
[Round "7"]
[White "Rogozenko,D"]
[Black "Vukic,R"]
[Result "1-0"]
[WhiteElo "2532"]
[BlackElo "2262"]

1.d4 d5 2.c4 c6 3.Nf3 Nf6 4.Nc3 a6 5.a4 e6 6.Bg5 h6 7.Bh4 dxc4 8.a5 g5 9.Bg3 Bb4
10.Qa4 Nd5 11.e3 b5 12.axb6 a5 13.Qc2 Ba6 14.Ne5 Nxb6 15.h4 Bb5 16.hxg5 Qxg5
17.Be2 N8d7 18.Kf1 Nxe5 19.Ne4 Qg6 20.Bxe5 Rg8 21.Rh2 O-O-O 22.Kg1 f6 23.Bxf6 Rdf8
24.Be5 Kd8 25.Rc1 Nd5 26.Bxc4 Nxe3 27.fxe3 Bxc4 28.Qxc4 Qxe4 29.Qxc6 Qxc6
30.Rxc6 Rg6 31.Bf4 Rfg8 32.Rc2 Be1 33.Rxh6 Rxh6 34.Bxh6 Bg3 35.Bf4  1-0

[Event "ch-LTU"]
[Site "Vilnius LTU"]
[Date "2006.03.25"]
[Round "10"]
[White "Sarakauskas,G"]
[Black "Dambrauskas,V"]
[Result "1-0"]
[WhiteElo "2453"]
[BlackElo "2361"]

1.d4 d5 2.c4 c6 3.Nc3 Nf6 4.Nf3 a6 5.c5 g6 6.Bf4 Bg7 7.e3 Ne4 8.Nxe4 dxe4
9.Nd2 f5 10.Qb3 a5 11.a4 Na6 12.Nc4 Nc7 13.Nb6 Ra7 14.Bc4 Kf8 15.O-O Na6
16.Rad1 Qe8 17.Qc3 g5 18.Be5 Bxe5 19.dxe5 Kg7 20.e6+ Kg6 21.Qxa5 Qg8 22.Nd7 Bxd7
23.Rxd7 Qg7 24.Qb6 Raa8 25.Rxb7 Nb8 26.a5 f4 27.a6 f3 28.a7 Qe5 29.Qc7 Qxc5
30.axb8=Q Qxc4 31.Qa7 Rhd8 32.Ra1 Qd5 33.h3 Rxa7 34.Raxa7 fxg2 35.Qxe7  1-0

[Event "TCh-BEL 2005-6"]
[Site "Belgium BEL"]
[Date "2006.03.26"]
[Round "11"]
[White "Van der Stricht,G"]
[Black "Lemmers,O"]
[Result "1/2-1/2"]
[WhiteElo "2407"]
[BlackElo "2425"]

1.d4 d5 2.c4 c6 3.Nc3 Nf6 4.Nf3 a6 5.e3 b5 6.c5 Bg4 7.Qb3 Bxf3 8.gxf3 e5
9.a4 exd4 10.exd4 Nbd7 11.Qa3 Rc8 12.axb5 axb5 13.Qa5 g6 14.Qxd8+ Kxd8 15.Bh3 Be7
16.Bh6 Re8 17.Kd2 Ng8  1/2-1/2

[Event "TCh-BEL 2005-6"]
[Site "Belgium BEL"]
[Date "2006.03.26"]
[Round "11"]
[White "Goossens,E"]
[Black "Groffen,H"]
[Result "0-1"]
[WhiteElo "2251"]
[BlackElo "2185"]

1.d4 d5 2.c4 c6 3.Nf3 Nf6 4.Nc3 a6 5.Bg5 dxc4 6.a4 Bf5 7.e3 Ne4 8.Bxc4 Nxg5
9.Nxg5 e6 10.f4 h6 11.Nxf7 Kxf7 12.e4 Bh7 13.f5 Qh4+ 14.g3 Qg5 15.Qb3 Qe7
16.O-O Ke8 17.fxe6 Bg6 18.a5 h5 19.Qb6 h4 20.Rf7 Qd8 21.Qxd8+ Kxd8 22.Rxb7 hxg3
23.hxg3 Kc8 24.Rb3 Ra7 25.e5 Bc2 26.Rb6 Be7 27.Rf1 Bd8 28.Rb4 Bxa5 29.Ra4 Bxc3  0-1

[Event "TCh-CZE Extraliga 2005-6"]
[Site "Czech Rep CZE"]
[Date "2006.03.26"]
[Round "11"]
[White "Haba,P"]
[Black "Jirka,J"]
[Result "1-0"]
[WhiteElo "2519"]
[BlackElo "2393"]

1.d4 d5 2.c4 c6 3.Nf3 Nf6 4.Nc3 a6 5.e3 b5 6.b3 Bf5 7.Ne5 h6 8.g4 Bh7 9.Bg2 e6
10.O-O Bd6 11.f4 O-O 12.cxd5 cxd5 13.g5 hxg5 14.fxg5 Bxe5 15.dxe5 Ne4 16.Nxe4 Bxe4
17.Bxe4 dxe4 18.Ba3 Qxg5+ 19.Kh1 Rd8 20.Qe2 Nc6 21.Rg1 Qh6 22.Bd6 Ra7 23.Rad1 Rad7
24.Qc2 Qxe3 25.Rg3 Nd4 26.Qc5 Qe2 27.Qxd4 f5 28.exf6 Rxd6 29.f7+  1-0

[Event "TCh-FRA Top 16 Gp A"]
[Site "Montpellier FRA"]
[Date "2006.03.30"]
[Round "4"]
[White "Navara,D"]
[Black "Guidarelli,L"]
[Result "1-0"]
[WhiteElo "2660"]
[BlackElo "2462"]

1.d4 d5 2.c4 c6 3.Nc3 Nf6 4.Nf3 a6 5.c5 Nbd7 6.Bf4 Nh5 7.e3 g6 8.Bd3 Nxf4
9.exf4 Qc7 10.g3 Bg7 11.O-O O-O 12.Qc2 b6 13.Na4 b5 14.Nc3 Re8 15.h4 Nf8
16.Kg2 Bg4 17.Ne5 Bh5 18.f3 f6 19.g4 fxe5 20.fxe5 Ne6 21.Ne2 Rf8 22.gxh5 Nf4+
23.Nxf4 Rxf4 24.hxg6 Rxd4 25.f4 Rf8 26.Bf5 Bh6 27.gxh7+ Kh8 28.Be6 Qa5 29.Qg6 Bg7
30.Kh3 Qd2 31.Rf3 Rdxf4 32.Rg3 Rxh4+ 33.Kxh4 Qh2+ 34.Kg4  1-0

[Event "TCh-FRA Top 16 Gp B"]
[Site "Gonfreville FRA"]
[Date "2006.04.02"]
[Round "7"]
[White "Kazhgaleyev,M"]
[Black "Buhmann,R"]
[Result "1/2-1/2"]
[WhiteElo "2607"]
[BlackElo "2546"]

1.d4 d5 2.c4 c6 3.Nc3 Nf6 4.Nf3 a6 5.g3 dxc4 6.Bg2 b5 7.O-O e6 8.Ne5 Bb7
9.a4 Be7 10.axb5 axb5 11.Rxa8 Bxa8 12.Nxb5 cxb5 13.Bxa8 O-O 14.Bg2 Qb6 15.e4 Nfd7
16.Ng4 Nc6 17.Be3 Nb4 18.h4 Nd3 19.Qe2 h5 20.Nh2 e5 21.d5 Bc5 22.Bxc5 Qxc5
23.Qxh5 Nf6 24.Qg5 Qd4 25.Nf3 Qxe4 26.d6 Qd5 27.h5 Qxd6 28.Nh4 Nh7 29.Qxg7+ Kxg7
30.Nf5+ Kf6 31.Nxd6 Rb8 32.Ra1 Ke6 33.Ra6 Nb4 34.Bh3+ Kd5 35.Bg2+ Ke6 36.Bh3+ Kd5
37.Bg2+ Ke6  1/2-1/2

[Event "ch-DEN Gladiator"]
[Site "Aalborg DEN"]
[Date "2006.04.08"]
[Round "1"]
[White "Kongsted,H"]
[Black "Pedersen,Stef"]
[Result "0-1"]
[WhiteElo "2245"]
[BlackElo "2446"]

1.d4 d5 2.Nf3 Nf6 3.c4 c6 4.Nc3 a6 5.e3 Bf5 6.Bd3 Bxd3 7.Qxd3 e6 8.O-O Be7
9.e4 b5 10.c5 dxe4 11.Nxe4 Nxe4 12.Qxe4 Qd5 13.Qxd5 cxd5 14.Bf4 Nc6 15.Rfd1 f6
16.Bd2 g5 17.Be3 Kd7 18.Ne1 Rhg8 19.Nd3 a5 20.Rac1 h6 21.a3 e5 22.Ne1 e4
23.g3 f5 24.f4 exf3 25.Nxf3 Bf6 26.Bf2 Rae8 27.Kf1 Re4 28.Rc3 Rge8 29.Rcd3 Bg7
30.Ne5+ Bxe5 31.dxe5 Ne7 32.Rxd5+ Nxd5 33.Rxd5+ Kc7 34.Bd4 Rd8 35.Rd6 Rxd4
36.Ke1  0-1

[Event "FSIM April"]
[Site "Budapest HUN"]
[Date "2006.04.08"]
[Round "8"]
[White "Duong The Anh"]
[Black "Farago,S"]
[Result "1-0"]
[WhiteElo "2325"]
[BlackElo "2262"]

1.d4 d5 2.c4 c6 3.Nc3 Nf6 4.Nf3 a6 5.e3 b5 6.b3 Bf5 7.Be2 h6 8.Ne5 e6 9.Bb2 Bb4
10.O-O O-O 11.a3 Bd6 12.Bd3 Bxd3 13.Qxd3 dxc4 14.Qc2 cxb3 15.Qxb3 c5 16.Rad1 c4
17.Qc2 Qc7 18.f4 Nbd7 19.g4 Bxe5 20.fxe5 Nxg4 21.Qe2 h5 22.h3 Nh6 23.Qxh5 Nf5
24.Rf4 g6 25.Qf3 Nb6 26.e4 Ng7 27.Bc1 Rad8 28.Be3 Nd7 29.Rf1 Nxe5 30.dxe5 Rd3
31.Nd1 Rxa3 32.Qf2 Qxe5 33.Rg4 Rd3 34.Bc5 f5 35.Rxg6 Rfd8 36.Ne3 Qxc5 37.Rxg7+ Kh8
38.Re1 f4 39.Rg4 R8d7 40.Qh4+  1-0

[Event "Mephisto Schloss Open A"]
[Site "Werther GER"]
[Date "2006.04.08"]
[Round "5"]
[White "Halkias,S"]
[Black "Buhmann,R"]
[Result "1/2-1/2"]
[WhiteElo "2528"]
[BlackElo "2546"]

1.d4 d5 2.c4 c6 3.Nc3 Nf6 4.Nf3 a6 5.c5 Bf5 6.Bf4 Nbd7 7.e3 e6 8.Be2 Be7
9.Nd2 Bg6 10.O-O O-O 11.b4 Qc8 12.a4 b6 13.a5  1/2-1/2

[Event "TCh-HUN 2005-6"]
[Site "Hungary HUN"]
[Date "2006.04.09"]
[Round "10"]
[White "Horvath,Cs1"]
[Black "Duong The Anh"]
[Result "0-1"]
[WhiteElo "2545"]
[BlackElo "2325"]

1.d4 Nf6 2.Nf3 d5 3.c4 c6 4.Nc3 a6 5.e3 b5 6.c5 Nbd7 7.b4 g6 8.a4 Bb7 9.Bb2 Bg7
10.Bd3 O-O 11.O-O Qc7 12.Ra2 Rfe8 13.h3 Rab8 14.Qb3 Nh5 15.Rc1 Bc8 16.axb5 axb5
17.Ra5 e5 18.Bxb5 exd4 19.Nxd4 Bxd4 20.exd4 Nf4 21.Rca1 cxb5 22.Nxb5 Rxb5
23.Rxb5 Nf6 24.Rba5 Kg7 25.Rf1 Bf5 26.Bc1 Ne2+ 27.Kh1 Nxc1 28.Rxc1 Qf4 29.Rf1 Ne4
30.Qe3 Qb8 31.Qa3 Nxf2+ 32.Kg1 Bd3  0-1

[Event "ch-DEN Gladiator"]
[Site "Aalborg DEN"]
[Date "2006.04.10"]
[Round "3"]
[White "Bekker Jensen,S"]
[Black "Pedersen,Stef"]
[Result "1/2-1/2"]
[WhiteElo "2393"]
[BlackElo "2446"]

1.d4 d5 2.c4 c6 3.Nf3 Nf6 4.Nc3 a6 5.c5 Nbd7 6.Bf4 Nh5 7.e3 Nxf4 8.exf4 b6
9.cxb6 e6 10.Bd3 Bd6 11.Qd2 c5 12.f5 cxd4 13.fxe6 dxc3 14.exd7+ Bxd7 15.Qe3+ Qe7
16.Qxe7+ Kxe7 17.bxc3 Rhb8 18.Rb1 Bc5 19.O-O Rxb6 20.Rxb6 Bxb6 21.Rb1 Bb5
22.h3 Bxd3 23.Rxb6 Rc8 24.Rb7+ Kd6 25.Rb6+ Ke7 26.Rb7+ Ke8 27.Ra7 Be4  1/2-1/2

[Event "ch-DEN"]
[Site "Aalborg DEN"]
[Date "2006.04.10"]
[Round "3"]
[White "Pedersen,Nic"]
[Black "Hansen,SuB"]
[Result "1/2-1/2"]
[WhiteElo "2517"]
[BlackElo "2555"]

1.d4 d5 2.c4 c6 3.Nf3 Nf6 4.Nc3 a6 5.c5 Bf5 6.Bf4 Nbd7 7.e3 e6 8.Nd2 Be7
9.Be2 Bg6 10.O-O O-O 11.b4 Qc8 12.Nb3 Re8 13.Rc1 Bd8 14.Bd3 e5 15.dxe5 Bxd3
16.Qxd3 Nxe5 17.Bxe5 Rxe5 18.Rce1 a5 19.b5 a4 20.Nd2 Ba5 21.Nf3 Rh5 22.Rb1 Qf8
23.bxc6 bxc6 24.Nxa4 Ne4 25.Nb6 Nxc5 26.Qc2 Ra6 27.Na4 Ne4 28.Rfc1 Bb4 29.Nb2 Ba3
30.Rd1 Bd6 31.Nc4 Bc7 32.Ncd2 Nxd2 33.Rxd2 Qa8 34.e4 Ra5 35.h3 dxe4 36.Qxe4 Rhd5
37.Rc2 h6 38.Rbc1 Ra4 39.Qe2 Bf4 40.Re1 Rd8 41.Rb1 Re8 42.Qd3 Rxa2 43.g3 Rxc2
44.Qxc2 Bd6 45.Rd1 Bf8 46.Rd7 Qa1+ 47.Kg2 Qf6 48.Rc7 c5 49.Qc4 Rd8 50.Qe4 Qd6
51.Qb7 Qe6 52.h4 g6 53.Qc6 Qf5 54.Qb6 Re8 55.Qb7 Rd8 56.Qb6 Rd1 57.Qb5 Qd5
58.Qe2 Ra1 59.Rc8 Ra3 60.Re8 c4 61.Qe4 Qxe4 62.Rxe4 c3 63.Rc4 Bg7 64.Rc8+ Kh7
65.Ne1 Ra2 66.Rc4 Bf6 67.Kf3 Kg7 68.Ng2 Rd2 69.Nf4 h5 70.Ke3 Ra2 71.Ne2 Ra3
72.Kd3 Ra2 73.Ke3 Ra3 74.Kd3 Ra2  1/2-1/2

[Event "43rd ch-IND"]
[Site "Visakhapatnam IND"]
[Date "2006.04.12"]
[Round "13"]
[White "Kamble,V"]
[Black "Das,Ar"]
[Result "0-1"]
[WhiteElo "2403"]
[BlackElo "2402"]

1.Nf3 d5 2.d4 Nf6 3.c4 c6 4.Nc3 a6 5.cxd5 cxd5 6.Bf4 Nc6 7.Rc1 Nh5 8.Bg5 h6
9.Bh4 g5 10.Bg3 Nxg3 11.hxg3 Bg7 12.e3 e6 13.Bd3 Bd7 14.a3 Kf8 15.b4 Kg8
16.g4 Be8 17.Kf1 Qe7 18.Qb3 h5 19.gxh5 g4 20.Nd2 Qg5 21.Ne2 Nxd4 22.Nxd4 Bxd4
23.Rc7 Be5 24.Rxb7 Rxh5 25.Rxh5 Qxh5 26.f4 Rc8 27.Kg1 g3 28.Nf3 d4 29.Qb1 Bc6
30.Bh7+ Kh8  0-1

[Event "ch-DEN"]
[Site "Aalborg DEN"]
[Date "2006.04.13"]
[Round "6"]
[White "Glud,J"]
[Black "Pedersen,Stef"]
[Result "0-1"]
[WhiteElo "2421"]
[BlackElo "2446"]

1.d4 d5 2.c4 c6 3.Nf3 Nf6 4.Nc3 a6 5.e3 b5 6.b3 Bg4 7.Be2 e6 8.O-O Nbd7 9.h3 Bh5
10.Bb2 Qb8 11.cxd5 cxd5 12.Ne5 Bxe2 13.Nxe2 Nxe5 14.dxe5 Nd7 15.Nf4 Be7 16.Qg4 g6
17.Nxe6 fxe6 18.Qxe6 Qb7 19.Rad1 Nc5 20.Qxd5 Qxd5 21.Rxd5 Ne6 22.f4 O-O 23.g4 Bc5
24.Bc1 Rad8 25.Rfd1 Rxd5 26.Rxd5 Rc8 27.Kg2 Bb4 28.Rd1 Rc2+ 29.Kf3 Rxa2 30.f5 Ng5+
31.Kg3 Bc3 32.Rd8+ Kf7 33.Kf4 Nxh3+ 34.Ke4 gxf5+ 35.gxf5 Ng5+ 36.Kd5 Rc2
37.Rd7+ Kf8 38.Rd8+ Kf7 39.Rd7+ Ke8 40.Rg7 h6 41.Rg8+ Kf7 42.Ra8 Rxc1 43.Ra7+ Ke8
44.Ra8+ Kd7 45.Ra7+ Kd8 46.f6 Bb4 47.Rxa6 Rc5+ 48.Kd6 Nf3  0-1

[Event "ch-DEN"]
[Site "Aalborg DEN"]
[Date "2006.04.13"]
[Round "6"]
[White "Bekker Jensen,S"]
[Black "Kongsted,H"]
[Result "1/2-1/2"]
[WhiteElo "2393"]
[BlackElo "2245"]

1.d4 d5 2.c4 c6 3.Nf3 Nf6 4.Nc3 a6 5.e3 b5 6.c5 g6 7.Bd3 Bg7 8.b4 a5 9.bxa5 Qxa5
10.Bd2 b4 11.Ne2 Qa3 12.Bc1 Qa5 13.Nd2 Ba6 14.Nb3 Qc7 15.a4 O-O 16.O-O e5
17.dxe5 Nfd7 18.f4 Qa7 19.e4 Bxd3 20.Qxd3 Nxc5 21.Nxc5 Qxc5+ 22.Be3 Qc4 23.Qd2 dxe4
24.Rfc1 Qd3 25.Kf2 f6  1/2-1/2

[Event "KB Bank"]
[Site "Reykjavik ISL"]
[Date "2006.04.13"]
[Round "3"]
[White "Buckley,G"]
[Black "Van Delft,M"]
[Result "1/2-1/2"]
[WhiteElo "2398"]
[BlackElo "2372"]

1.d4 d5 2.c4 c6 3.Nf3 Nf6 4.Nc3 a6 5.e3 b5 6.b3 Bg4 7.Be2 e6 8.O-O Nbd7 9.h3 Bf5
10.Bd3 Be7 11.Bxf5 exf5 12.Qd3 g6 13.cxb5 cxb5 14.Bb2 O-O 15.Rfc1 Bd6 16.a4 b4
17.Ne2 Qb6 18.Rc2 Rac8 19.Rac1 Qb7 20.Ne5 Rfe8 21.Nf4 Nb8 22.g4 fxg4 23.hxg4 Rxc2
24.Rxc2 Ne4 25.f3 Ng5 26.Kg2 Kg7 27.Bc1 Ne6 28.Nxe6+ Rxe6 29.g5 h6 30.gxh6+ Kxh6
31.e4+ Kg7 32.exd5 Qxd5 33.Qe3 Qb7 34.Qh6+ Kg8 35.Bb2 Bf8 36.Qh4 Qd5 37.Rc8 Nc6
38.Qh6 Nd8 39.Qf4 Rd6 40.Ng4 Qxb3 41.Nh6+ Kg7 42.Bc1 Qe6 43.Rc2 Rd5 44.Ng4 Qf5
45.Qxf5 gxf5 46.Ne3 Ra5 47.Bb2 Kg6  1/2-1/2

[Event "32nd ch-IND w"]
[Site "Visakhapatnam IND"]
[Date "2006.04.13"]
[Round "13"]
[White "Harika,D"]
[Black "Swati,M"]
[Result "1-0"]
[WhiteElo "2358"]
[BlackElo "2160"]

1.d4 d5 2.Nf3 Nf6 3.c4 c6 4.Nc3 a6 5.e3 b5 6.c5 Bg4 7.Qb3 Nbd7 8.a4 Bxf3
9.gxf3 e5 10.Qa3 b4 11.Qxb4 Rb8 12.Qa3 a5 13.Rb1 exd4 14.exd4 Rb4 15.Ne2 Qb8
16.Bf4 Qa7 17.Qe3+ Kd8 18.Bh3 Nxc5 19.O-O Rb3 20.Qc1 Qa6 21.dxc5 Qxe2 22.Bg2 Qc4
23.Qxc4 dxc4 24.Rfd1+ Nd5 25.Rbc1 Rd3 26.Bd2 Bxc5 27.Rxc4 Rxd2 28.Rxd2 Bb4
29.Rd1 Kd7 30.f4 Kd6 31.Bxd5 cxd5 32.Rcd4 Rc8 33.Rxd5+ Ke6 34.b3 Rc2 35.Kg2 g6
36.Kf3 Kf6 37.R5d4 h5 38.h3 Bc5 39.R1d2 Rc3+ 40.R4d3 Rc1 41.Re2 Rf1 42.Ke4 Ke6
43.Kf3+ Kf6 44.Rc2 Bb4 45.Rc6+ Kg7 46.Rc7 Rb1 47.Rdd7 Rxb3+ 48.Ke4 Rc3 49.Rxf7+ Kg8
50.Rg7+ Kf8 51.Rxc3 Kxg7 52.Rc6 Be1 53.Ra6 Kf7 54.f5 g5 55.f4 g4 56.hxg4 hxg4
57.Rg6 g3 58.Kf3 Bf2 59.Rxg3  1-0

[Event "17th Pobeskydi Hamont Cup"]
[Site "Frydek Mistek CZE"]
[Date "2006.04.16"]
[Round "7"]
[White "Talla,V"]
[Black "Dambrauskas,V"]
[Result "1-0"]
[WhiteElo "2403"]
[BlackElo "2360"]

1.d4 d5 2.c4 c6 3.Nf3 Nf6 4.Nc3 a6 5.e3 b5 6.b3 e6 7.Be2 Be7 8.O-O O-O 9.Ne5 Nfd7
10.Nf3 f5 11.Bb2 Nf6 12.Bd3 Bd6 13.Ne2 Ra7 14.c5 Be7 15.b4 Nbd7 16.a4 Rb7
17.axb5 axb5 18.Qc1 Ne4 19.Ne5 Nxe5 20.dxe5 Bd7 21.f3 Ng5 22.Qc2 Qb8 23.f4 Nf7
24.g4 g6 25.gxf5 gxf5 26.Nd4 Nh6 27.Kh1 Ra7 28.Qg2+ Kh8 29.Qh3 Rxa1 30.Bxa1 Ng4
31.Bxf5 exf5 32.e6  1-0

[Event "7th ch-Euro t/b qual"]
[Site "Kusadasi TUR"]
[Date "2006.04.16"]
[Round "1.2"]
[White "Gagunashvili,M"]
[Black "Sakaev,K"]
[Result "1-0"]
[WhiteElo "2560"]
[BlackElo "2637"]

1.d4 d5 2.c4 c6 3.Nf3 Nf6 4.Nc3 a6 5.e3 b5 6.b3 Bf5 7.Bd3 e6 8.O-O Bd6 9.h3 O-O
10.Qc2 b4 11.Bxf5 exf5 12.Ne2 g6 13.a3 dxc4 14.Qxc4 Nd5 15.axb4 Nxb4 16.Ba3 a5
17.Bxb4 Bxb4 18.Nf4 Ra6 19.Nd3 Rb6 20.Rfc1 Qe7 21.Nfe5 Rc8 22.Ra4 Nd7 23.Nxd7 Qxd7
24.Nxb4 axb4 25.Rxb4 Rcb8 26.Rxb6 Rxb6 27.b4 Rb5 28.Ra1 Qb7 29.Ra4 Kg7 30.Qc3 Kg8
31.Qa3 Qe7 32.Qb2 Rd5 33.Ra5 Qd6 34.Qc3 f4 35.Rxd5 cxd5 36.exf4 Qxf4 37.b5 Qe4
38.Qb2  1-0

[Event "Foxwoods Open"]
[Site "Ledyards USA"]
[Date "2006.04.16"]
[Round "8"]
[White "Gurevich,D"]
[Black "Enhbat,T"]
[Result "1/2-1/2"]
[WhiteElo "2503"]
[BlackElo "2383"]

1.d4 d5 2.c4 c6 3.Nf3 Nf6 4.Nc3 a6 5.a4 e6 6.Bg5 Be7 7.e3 a5 8.Bd3 Na6 9.O-O Nb4
10.Be2 O-O 11.Ne5 Nd7 12.Bxe7 Qxe7 13.f4 dxc4 14.Bxc4 Nb6 15.Bb3 c5 16.Ne4 N6d5
17.Qf3 cxd4 18.exd4 b6 19.f5 Bb7 20.Rae1 Nf6 21.Nxf6+ gxf6 22.Qh5 Kh8 23.Rf4 fxe5
24.f6 Qd8 25.Rh4 Qxd4+ 26.Rxd4 exd4 27.Bxe6 Rae8 28.Bf5 Rxe1+ 29.Kf2 Nd3+
30.Bxd3 Be4 31.Kxe1 Bxd3 32.Qg4 Re8+ 33.Kf2 Re2+ 34.Qxe2 Bxe2 35.Kxe2 h5
36.Kd3 Kh7 37.Kxd4 Kg6 38.Kc4 Kxf6 39.b4 Ke5 40.bxa5 bxa5 41.h4 Kf4 42.Kb5 Kg3
43.Kxa5 Kxg2 44.Kb6 f5 45.a5 f4 46.a6 f3 47.a7 f2 48.a8=Q+ Kg1 49.Qg8+ Kh2
50.Qf7 Kg2 51.Qxh5 f1=Q 52.Qg5+ Kh2 53.h5 Qf2+ 54.Kc6 Qf3+ 55.Kd6 Qf8+ 56.Ke6 Qe8+
57.Kf5 Qf7+ 58.Kg4 Qd7+ 59.Qf5 Qg7+ 60.Kf3 Qc3+ 61.Kf4 Qd4+ 62.Qe4 Qf6+ 63.Kg4 Qg7+
64.Kf3 Qc3+ 65.Ke2 Qb2+ 66.Ke3 Qc3+ 67.Ke2 Qb2+ 68.Kd1 Qa1+ 69.Kc2 Qa2+ 70.Kd3 Qa3+
71.Ke2 Qb2+ 72.Kf3 Qc3+ 73.Qe3 Qc6+ 74.Kf2 Qf6+ 75.Ke1 Qa1+ 76.Ke2 Qa6+ 77.Kf3 Qc6+
78.Qe4 Qc3+  1/2-1/2

[Event "43rd ch-IND"]
[Site "Visakhapatnam IND"]
[Date "2006.04.16"]
[Round "19"]
[White "Kunte,A"]
[Black "Himanshu,Sh"]
[Result "1-0"]
[WhiteElo "2551"]
[BlackElo "2411"]

1.d4 d5 2.c4 c6 3.Nc3 Nf6 4.Nf3 a6 5.c5 Bf5 6.Bf4 Nbd7 7.e3 e6 8.Bd3 Be7
9.O-O O-O 10.h3 Qc8 11.Re1 Bd8 12.e4 dxe4 13.Nxe4 Nxe4 14.Bxe4 Bxe4 15.Rxe4 Nf6
16.Re2 Nd5 17.Bd6 Be7 18.Be5 Rd8 19.Qc2 Rd7 20.Rae1 Qd8 21.Nd2 b6 22.cxb6 Qxb6
23.Nc4 Qb5 24.b3 c5 25.dxc5 Qxc5 26.Qe4 Rad8 27.Qg4 Bf6 28.Rd2 h5 29.Qf3 h4
30.Bxf6 Nxf6 31.Rxd7 Rxd7 32.Qa8+ Kh7 33.Qxa6 Ra7 34.Qd6 Qxd6 35.Nxd6 Rxa2
36.Nxf7 Rb2 37.Re3 Rb1+ 38.Kh2 Rb2 39.Ng5+ Kh6 40.f4 Nh5 41.Rxe6+ g6 42.Re4 Rxb3
43.Nf3 Ng3 44.Re6 Nh5 45.f5 Nf4 46.Ra6 Rb2 47.Nxh4 Kg5 48.f6 Kxh4 49.f7 Nxg2
50.f8=Q  1-0

[Event "KB Bank"]
[Site "Reykjavik ISL"]
[Date "2006.04.17"]
[Round "9"]
[White "Bjornsson,Si"]
[Black "Van Delft,M"]
[Result "1/2-1/2"]
[WhiteElo "2335"]
[BlackElo "2372"]

1.d4 d5 2.c4 c6 3.Nf3 Nf6 4.Nc3 a6 5.Bf4 dxc4 6.g3 b5 7.Bg2 Bb7 8.O-O e6
9.Ne5 Be7 10.Qc2 Qxd4 11.Rad1 Qb6 12.Ne4 Nd5 13.Ng5 Bxg5 14.Bxg5 Qc7 15.Ng4 Nd7
16.e4 N5f6 17.Nxf6+ Nxf6 18.Qc3 Qe7 19.h4 h6 20.Bf4 Rd8 21.Rxd8+ Qxd8 22.Qb4 Qd4
23.Be3 c5 24.Qa3 Qd7 25.Qxc5 Bxe4 26.Bxe4 Nxe4 27.Qe5 f5 28.Qb8+ Qd8 29.Qa7 O-O
30.Qxa6 Qd5 31.Re1 Rf6 32.a4 bxa4 33.Qxa4 e5 34.Rd1 Qc6 35.Qa7 f4 36.Rd7 Rg6
37.h5 Rg5 38.Rc7 Qd5 39.Rd7 Qc6 40.Rc7 Qd5 41.Rd7 Qc6  1/2-1/2

[Event "43rd ch-IND"]
[Site "Visakhapatnam IND"]
[Date "2006.04.17"]
[Round "21"]
[White "Gupta,Ab"]
[Black "Himanshu,Sh"]
[Result "1/2-1/2"]
[WhiteElo "2449"]
[BlackElo "2398"]

1.d4 d5 2.c4 c6 3.Nc3 Nf6 4.Nf3 a6 5.c5 Nbd7 6.Bf4 Nh5 7.e3 g6 8.h4 Bg7 9.Bh2 O-O
10.Be2 Nhf6 11.Ne5 Nxe5 12.Bxe5 Be6 13.Qb3 Qd7 14.Na4 Rae8 15.Nb6 Qd8 16.Bxf6 exf6
17.h5 f5 18.f4 Bc8 19.Kd2  1/2-1/2

[Event "TCh-NED 2005-6"]
[Site "Netherlands NED"]
[Date "2006.04.23"]
[Round "9"]
[White "Goormachtigh,J"]
[Black "Bierenbroodspot,P"]
[Result "1/2-1/2"]
[WhiteElo "2231"]
[BlackElo "2282"]

1.d4 d5 2.c4 c6 3.Nf3 Nf6 4.Nc3 a6 5.e3 b5 6.b3 Bg4 7.Be2 Nbd7 8.O-O e6 9.Bb2 Bd6
10.Nd2 Bxe2 11.Qxe2 bxc4 12.bxc4 Bxh2+ 13.Kxh2 Qb8+ 14.Kg1 Qxb2 15.Qd3 Qb8
16.Rab1 Qc7 17.cxd5 exd5 18.e4 dxe4 19.Ndxe4 O-O 20.d5 cxd5 21.Nxf6+ Nxf6
22.Nxd5 Nxd5 23.Qxd5 Rad8 24.Qb7 Qxb7 25.Rxb7 Rd2 26.Rc1 Rxa2 27.Rcc7 Ra1+
28.Kh2 Ra5 29.Ra7 Rh5+ 30.Kg3 Rg5+ 31.Kh2 Rg6 32.Rc5 Rb8 33.Ra5 Rh6+ 34.Kg3 Rb3+
35.f3 Rg6+ 36.Kh3 h6 37.R7xa6 f6 38.Rc6 Kh7 39.Rd5 Rg5 40.Rxg5 fxg5 41.Kg4 Rb4+
42.Kg3 h5 43.Ra6 Rb3 44.Kh2 Rc3 45.Rb6 Rc4 46.Ra6 Rf4 47.Rb6 Rf6 48.Rb5 Kg6
49.Ra5 Re6 50.Rb5 Kf6 51.Ra5 Re5 52.Ra7 Re2 53.Rb7  1/2-1/2

[Event "XIII TCh-RUS"]
[Site "Sochi RUS"]
[Date "2006.04.26"]
[Round "7"]
[White "Grachev,B"]
[Black "Volkov,S1"]
[Result "1/2-1/2"]
[WhiteElo "2543"]
[BlackElo "2620"]

1.d4 d5 2.c4 c6 3.Nf3 Nf6 4.Nc3 a6 5.e3 b5 6.b3 Bg4 7.Be2 e6 8.O-O Nbd7 9.h3 Bf5
10.Bd3 Bb4 11.Bb2 Bxd3 12.Qxd3 O-O 13.Rfc1 Qe7 14.Rc2 Ba3 15.Bxa3 Qxa3 16.cxd5 cxd5
17.Rac1 Rfc8 18.Ne2 Qf8 19.Rc6 h6 20.Ne5 Nxe5 21.dxe5 Nd7 22.f4 Rxc6 23.Rxc6 Nc5
24.Qc2 Ne4 25.Nc3 Ng3 26.Kf2 Rc8 27.Rxc8 Nh1+ 28.Kf3 Qxc8 29.Qc1 d4 30.Ne2 Qb7+
31.e4 d3 32.Qxh1 dxe2 33.Qb1 g5 34.Qe1 gxf4 35.Qxe2 Qc7 36.Kxf4 Qc1+ 37.Kf3 Qa1
38.Kf4 Qc1+ 39.Kf3 Qa1 40.Qd2 Kg7 41.Kf4 Qg1 42.Kg3 Qa1  1/2-1/2